| 000 | 00741nam a22001577a 4500 | ||
|---|---|---|---|
| 003 | OSt | ||
| 005 | 20151209140154.0 | ||
| 008 | 151209b xxu||||| |||| 00| 0 eng d | ||
| 040 | _cRUA | ||
| 082 | _aATM MOL 2009 B196 Or.1 | ||
| 100 |
_94588 _aMOL, POK. |
||
| 245 | _aCarbon stock in rice field of system rice of intensification in kagnchreach district prey veng province, បរិមាណកាបូនស្តុកទុកនៅក្នុងដីស្រែប្រព័ន្ធប្រពលវប្បកម្មដំណាំស្រូវក្នុងស្រុកកញ្ជៀច ខេត្តព្រៃវែង | ||
| 260 |
_aPhnom Penh _bRUA _c2009 |
||
| 300 |
_axiii; 60p. _bill. _c29cm. |
||
| 942 |
_2ddc _cATM |
||
| 999 |
_c4277 _d4277 |
||